[Event "Mittelrhein Verbandsliga-W 16/17"]
[Site "Nordrheinwestfalen"]
[Date "2016.11.27"]
[Round "4.8"]
[White "Amkreutz, Achim"]
[Black "Klein, Gernot"]
[Result "1/2-1/2"]
[WhiteElo "1726"]
[BlackElo "1793"]
[PlyCount "93"]
[EventDate "2016.09.11"]
[EventType "team-tourn"]
[EventRounds "11"]
[EventCountry "GER"]
[SourceTitle "EXT 2022"]
[Source "ChessBase"]
[SourceDate "2021.10.06"]
[SourceVersion "1"]
[SourceVersionDate "2021.10.06"]
[SourceQuality "1"]
[WhiteTeam "Herzogenrath"]
[BlackTeam "Aachen PTSV"]
[WhiteTeamCountry "GER"]
[BlackTeamCountry "GER"]

1. f4 d5 2. Nf3 g6 3. e3 Bg7 4. d4 Nf6 5. Bd3 0-0 6. Nbd2 b6 7. 0-0 Ba6 8. Bxa6 Nxa6 9. c3 c5 10. Ne5 e6 11. Qe2 Nc7 12. b3 a6 13. Bb2 Nb5 14. Ng4 Nxg4 15. Qxg4 Nd6 16. Qf3 Rc8 17. a4 Re8 18. Qe2 c4 19. b4 Qd7 20. a5 b5 21. Rf3 f5 22. h4 Kf7 23. Rh3 Ke7 24. Kf2 Kd8 25. Rah1 Kc7 26. h5 Rh8 27. hxg6 hxg6 28. Qf3 Rxh3 29. Rxh3 Rh8 30. Rxh8 Bxh8 31. Qh3 Bf6 32. Qh6 Qf7 33. Ke2 Qg8 34. Kf2 Nf7 35. Qh2 Kd7 36. Nf3 g5 37. g3 Qg6 38. Ne5+ Bxe5 39. dxe5 Nh6 40. Ke2 Ke7 41. Bc1 Kf7 42. Bd2 Kg7 43. Qh3 g4 44. Qh4 Qf7 45. Qg5+ Kh7 46. Qh4 Qf8 47. Be1 1/2-1/2

[Event "Mittelrhein Verbandsliga-W 15/16"]
[Site "Nordrheinwestfalen"]
[Date "2015.10.18"]
[Round "3.8"]
[White "Amkreutz, Achim"]
[Black "Schopp, Jan"]
[Result "1/2-1/2"]
[WhiteElo "1723"]
[BlackElo "1557"]
[PlyCount "92"]
[EventDate "2015.09.06"]
[EventType "team-tourn"]
[EventRounds "11"]
[EventCountry "GER"]
[SourceTitle "EXT 2022"]
[Source "ChessBase"]
[SourceDate "2021.10.06"]
[SourceVersion "1"]
[SourceVersionDate "2021.10.06"]
[SourceQuality "1"]
[WhiteTeam "Herzogenrath"]
[BlackTeam "Erftstadt SV"]
[WhiteTeamCountry "GER"]
[BlackTeamCountry "GER"]

1. f4 d5 2. Nf3 c5 3. e3 Nc6 4. d4 cxd4 5. exd4 Nf6 6. Bd3 Nb4 7. Nc3 Nxd3+ 8. Qxd3 Bd7 9. Ne5 e6 10. a3 a6 11. 0-0 Bd6 12. Bd2 Qb6 13. Kh1 g6 14. Rae1 Bb5 15. Nxb5 Qxb5 16. Qxb5+ axb5 17. Nd3 Ne4 18. Bc1 Ke7 19. Nf2 Nxf2+ 20. Rxf2 b4 21. Rf3 bxa3 22. bxa3 Rhc8 23. Rb3 Ra7 24. c3 Rca8 25. Bd2 Bxa3 26. Reb1 Rb8 27. Ra1 Bc5 28. Rxa7 Bxa7 29. g4 Kd7 30. f5 Kc6 31. f6 Bb6 32. Ra3 Bc7 33. Kg2 Bd6 34. Ra4 Kb5 35. Ra2 Rc8 36. Rb2+ Kc6 37. Ra2 Kb6 38. Rb2+ Ka7 39. Ra2+ Kb8 40. h3 Rc6 41. Rb2 Ra6 42. Be1 Ra1 43. Re2 Bf4 44. Bg3 Bxg3 45. Kxg3 Rc1 46. Re3 Rf1 1/2-1/2